000 002490000a22000970004500
100 1 _aHess, Richard
245 1 0 _aReview article
300 _aVol. 10, Num. 1 (1992), Páginas 59-67
773 0 _tScottish Bulletin of Evangelical Theology
942 _cANA
999 _c55695
_d55695